Schalke 04: Alle Torschützen der 2000er - Statistiken

Allgemein
  • Dieses Quiz wurde 235 mal gespielt
  • Das Durchschnittsergebnis liegt bei 27 aus 56
Antwortstatistiken
Pos. Nat. Spieler % Korrekt
ST DEN Ebbe Sand
93%
MIT PER Jefferson Farfan
77%
ST GER Gerald Asamoah
74%
ST GER Kevin Kuranyi
74%
VER BRA Marcelo Bordon
74%
MIT TUR Halil Altintop
72%
MIT TUR Hamit Altintop
72%
ST BEL Emile Mpenza
71%
VER GER Benedikt Höwedes
69%
MIT CRO Ivan Rakitic
67%
MIT BRA Lincoln
65%
MIT BEL Marc Wilmots
65%
ST BRA Ailton
64%
MIT GEO Levan Kobiashvili
63%
TW GER Oliver Reck
62%
MIT USA Jermaine Jones
61%
ST DEN Sören Larsen
60%
ST NIG Victor Agali
57%
VER URU Dario Rodriguez
56%
VER BRA Rafinha
56%
MIT URU Gustavo Varela
55%
VER SRB Mladen Krstajic
55%
VER POL Tomasz Hajto
55%
VER POL Tomasz Waldoch
54%
MIT GER Jörg Böhme
53%
MIT DEN Christian Poulsen
52%
ST BRA Edu
50%
MIT GER Fabian Ernst
50%
VER CAM Joel Matip
50%
MIT CZE Jiri Nemec
48%
ST NED Youri Mulder
48%
VER GER Christian Pander
47%
MIT BIH Zlatan Bajramovic
47%
ST GER Mike Hanke
46%
ST DEN Peter Lövenkrands
45%
MIT GER Andreas Möller
44%
VER GER Heiko Westermann
43%
MIT URU Carlos Grossmüller
42%
ST AUT Eduard Glieder
41%
MIT BEL Sven Vermant
40%
VER NED Marco Van Hoogdalem
39%
ST URU Vicente Sanchez
39%
MIT CZE Radoslav Latal
37%
MIT BRA Ze Roberto
34%
VER GER Lukas Schmitz
32%
VER NED Niels Kamphuis
31%
MIT GER Christoph Moritz
30%
VER ARG Anibal Matellan
28%
MIT CZE Jan Moravek
28%
VER BEL Nico Kerckhoven
28%
VER GER Markus Happe
21%
MIT GER Sven Kmetsch
21%
VER GER Thomas Kläsener
19%
MIT GER Michael Delura
17%
MIT GER Jochen Seitz
14%
VER GER Fabian Lamotte
12%
Keine übereinstimmenden Quizze gefunden
Verteilung der Resultate
Anzahl Personen mit jedem Resultat
Perzentil nach korrekt beantworteten Fragen
Ihre Resultats-Entwicklung
Sie haben dieses Quiz noch nicht gespielt